Normal view
MARC view
Entry Topical Term
001 - CONTROL NUMBER
- control field: 51436
003 - CONTROL NUMBER IDENTIFIER
- control field: OSt
005 - DATE AND TIME OF LATEST TRANSACTION
- control field: 20250320103704.0
008 - FIXED-LENGTH DATA ELEMENTS
- fixed length control field: 250320|| aca||aabn | a|a d
040 ## - CATALOGING SOURCE
- Original cataloging agency: OSt
- Transcribing agency: OSt
150 ## - HEADING--TOPICAL TERM
- Topical term or geographic name entry element: Double bootstrap data envelopment analysis, Local governments performance, Administrative capacity, Municipal services Human resources.
670 ## - SOURCE DATA FOUND
- Source citation: Work cat.: (OSt): Salazar-Adams, Alejandro 51435, The influence of organisational and staff characteristics on local governments’ efficiency: The case of Mexican municipalities
